|
|
|
|
| LEADER |
00000nab a2200000ua 4500 |
| 001 |
vtls010827493 |
| 003 |
SK-MaSNL |
| 005 |
20260303210850.0 |
| 008 |
230222s1959 xo |||||||||||||||||eng| |
| 035 |
|
|
|a (urnnbn)urn:nbn:sk:snk:ar-a06bv9
|
| 035 |
|
|
|a urn:nbn:sk:snk-ab5tay
|
| 035 |
|
|
|a (uuid)24eadf21-e912-43f7-aac4-876595b92b52
|
| 040 |
|
|
|a SNKBUCL
|b slo
|c SNKBUCL
|e AACR2
|
| 041 |
0 |
|
|a eng
|
| 044 |
|
|
|a xo
|c SK
|
| 100 |
1 |
|
|a Oravec, Ctirad,
|d 1924-2003
|4 aut
|9 7621
|
| 245 |
1 |
4 |
|a The Properdin System in Tumorous Disease :
|b Part V. Bacteriocidal Properties of Sera of Some Species
|c Ctirad Oravec, Viktor Holoubek
|
| 700 |
1 |
|
|a Holoubek, Viktor
|4 aut
|9 1138835
|
| 773 |
0 |
|
|t Neoplasma : journal of experimental and clinical oncology
|g Roč. 6, č. 1 (1959), s. [3]-5
|
| 958 |
|
|
|a OND
|
| 958 |
|
|
|a EUIPO
|
| 958 |
|
|
|a article5
|
| 999 |
|
|
|c 2202186
|d 2204116
|